[Event "Moscú open 2006"]
[Site "Moscu RUS"]
[Date "2006.01.29"]
[Round "1.1"]
[White "Soltanici, Ruslan"]
[Black "Belov, Vladimir"]
[Result "1/2-1/2"]
[WhiteElo "2353"]
[BlackElo "2582"]
[PlyCount "60"]
[EventDate "2006.01.29"]
[EventType "swiss"]
[EventRounds "9"]
[EventCountry "RUS"]
[Source "lmi"]
[SourceDate "2006.02.06"]

1. e4 c6 2. d4 d5 3. exd5 cxd5 4. c4 Nf6 5. Nc3 e6 6. Nf3 Bb4 7. cxd5 Nxd5 8.
Bd2 O-O 9. Bd3 Nc6 10. O-O Nf6 11. Bg5 Be7 12. a3 h6 13. Be3 b6 14. Qe2 Bb7 15.
Rfd1 Qd6 16. Rac1 Rfd8 17. Ne4 Qd5 18. Nc3 Qd6 19. Ne4 Qd7 20. Nc3 Rac8 21. Ne5
Qd6 22. Ng4 Kh8 23. Nxf6 Bxf6 24. Qh5 Qf8 25. Be4 Ba8 26. d5 Ne7 27. d6 Nd5 28.
Nxd5 Rxc1 29. Rxc1 exd5 30. Bd3 Qxd6 1/2-1/2

[Event "Moscú open 2006"]
[Site "Moscu RUS"]
[Date "2006.01.29"]
[Round "1.2"]
[White "Bocharov, Dmitry"]
[Black "Reutsky, Sergei"]
[Result "1-0"]
[WhiteElo "2585"]
[BlackElo "2296"]
[PlyCount "57"]
[EventDate "2006.01.29"]
[EventType "swiss"]
[EventRounds "9"]
[EventCountry "RUS"]
[Source "lmi"]
[SourceDate "2006.02.06"]

1. d4 d5 2. c4 dxc4 3. Nf3 Nf6 4. Nc3 a6 5. e4 b5 6. e5 Nd5 7. a4 Nxc3 8. bxc3
Qd5 9. Ng5 Bb7 10. Qh5 g6 11. Qh3 h6 12. Nf3 Qe4+ 13. Be2 Bg7 14. axb5 g5 15.
Be3 g4 16. Qg3 axb5 17. O-O Rxa1 18. Rxa1 h5 19. Ng5 Qd5 20. h3 f5 21. f3 Nd7
22. fxg4 hxg4 23. hxg4 fxg4 24. Bxg4 Nxe5 25. Be6 Qc6 26. d5 Qd6 27. Ne4 Nf3+
28. gxf3 Qxg3+ 29. Nxg3 1-0

[Event "Moscú open 2006"]
[Site "Moscu RUS"]
[Date "2006.01.29"]
[Round "1.5"]
[White "Potkin, Vladimir"]
[Black "Plotnikov, Pavel"]
[Result "1-0"]
[WhiteElo "2546"]
[BlackElo "2247"]
[PlyCount "77"]
[EventDate "2006.01.29"]
[EventType "swiss"]
[EventRounds "9"]
[EventCountry "RUS"]
[Source "lmi"]
[SourceDate "2006.02.06"]

1. e4 e5 2. Nf3 Nc6 3. Bb5 a6 4. Bxc6 dxc6 5. O-O f6 6. d4 Bg4 7. c3 Ne7 8.
Nbd2 Ng6 9. Qb3 Qc8 10. dxe5 Nxe5 11. Nxe5 fxe5 12. c4 Be7 13. Re1 Qe6 14. Nf1
O-O-O 15. f3 Bh5 16. Be3 g5 17. Qc3 g4 18. Ng3 Bg6 19. fxg4 Bh4 20. Bf2 Qxg4
21. Qxe5 Rhe8 22. Qc5 Bxg3 23. hxg3 Bxe4 24. Qa7 Rd2 25. Re3 Rd1+ 26. Rxd1
Qxd1+ 27. Re1 Qc2 28. Qa8+ Kd7 29. Qxb7 c5 30. Qxa6 Re6 31. Qa3 Qxc4 32. b3 Qd5
33. Qc1 Qh5 34. Qxc5 Qxc5 35. Bxc5 Bd5 36. Be3 h5 37. Kf2 Rf6+ 38. Bf4 Rc6 39.
Re2 1-0

[Event "Moscú open 2006"]
[Site "Moscu RUS"]
[Date "2006.01.29"]
[Round "1.6"]
[White "Zakhartsov, Vladimir"]
[Black "Tenikashvili, Georgij"]
[Result "1-0"]
[WhiteElo "2529"]
[BlackElo "2290"]
[PlyCount "73"]
[EventDate "2006.01.29"]
[EventType "swiss"]
[EventRounds "9"]
[EventCountry "RUS"]
[Source "lmi"]
[SourceDate "2006.02.06"]

1. d4 d5 2. c4 dxc4 3. Nf3 Nf6 4. Nc3 a6 5. e4 b5 6. e5 Nd5 7. a4 Nxc3 8. bxc3
Qd5 9. g3 Bb7 10. Bg2 Qd7 11. Ba3 g6 12. O-O Bg7 13. Re1 O-O 14. Bc5 Bd5 15.
Ng5 Bxg2 16. Kxg2 h6 17. Qf3 c6 18. Nh3 g5 19. Qe4 bxa4 20. f4 g4 21. Nf2 h5
22. f5 Re8 23. Rxa4 Qd5 24. e6 a5 25. h3 gxh3+ 26. Nxh3 fxe6 27. fxe6 Na6 28.
Rxa5 Nxc5 29. Rxc5 Ra2+ 30. Kf3 Qxe4+ 31. Rxe4 Rc2 32. Rxc4 Rh2 33. Nf4 Rc8 34.
Re2 Rh1 35. Kg2 Rc1 36. Nxh5 Bh6 37. Nf4 1-0

[Event "Moscú open 2006"]
[Site "Moscu RUS"]
[Date "2006.01.29"]
[Round "1.7"]
[White "Chasovnikova, Eugenia"]
[Black "Zontakh, Andrey"]
[Result "1/2-1/2"]
[WhiteElo "2315"]
[BlackElo "2515"]
[PlyCount "76"]
[EventDate "2006.01.29"]
[EventType "swiss"]
[EventRounds "9"]
[EventCountry "RUS"]
[Source "lmi"]
[SourceDate "2006.02.06"]

1. d4 Nf6 2. Nf3 e6 3. c4 c5 4. d5 d6 5. Nc3 exd5 6. cxd5 g6 7. e4 a6 8. a4 Bg4
9. Qb3 Bxf3 10. Qxb7 Bxg2 11. Bxg2 Nbd7 12. O-O Qb8 13. Qc6 Bg7 14. Bf4 Ke7 15.
e5 dxe5 16. Rfe1 Kf8 17. d6 Ra7 18. Bxe5 Ng4 19. Bg3 Bd4 20. Ne2 Be5 21. h3
Bxg3 22. Nxg3 Ngf6 23. Ne4 Kg7 24. Nxf6 Nxf6 25. Qxc5 Rd7 26. Rad1 Rhd8 27. b4
Rxd6 28. Rxd6 Rxd6 29. b5 axb5 30. axb5 Nd7 31. Qc3+ Rf6 32. Bc6 Nf8 33. Re3
Ne6 34. Qe5 Qxe5 35. Rxe5 Nd4 36. Rc5 Kf8 37. Rc4 Rd6 38. Kg2 Ke7 1/2-1/2

[Event "Moscú open 2006"]
[Site "Moscu RUS"]
[Date "2006.01.29"]
[Round "1.10"]
[White "Maslak, Konstantin"]
[Black "Njubin, Viktor"]
[Result "1-0"]
[WhiteElo "2477"]
[BlackElo "2351"]
[PlyCount "93"]
[EventDate "2006.01.29"]
[EventType "swiss"]
[EventRounds "9"]
[EventCountry "RUS"]
[Source "lmi"]
[SourceDate "2006.02.06"]

1. e4 e6 2. d4 d5 3. Nc3 Nf6 4. Bg5 Be7 5. e5 Nfd7 6. h4 Bxg5 7. hxg5 Qxg5 8.
Qd3 g6 9. Nf3 Qe7 10. O-O-O Nf8 11. Rh6 Nc6 12. Qe3 Bd7 13. Bb5 O-O-O 14. Bxc6
Bxc6 15. Qg5 Qxg5+ 16. Nxg5 Be8 17. Rdh1 b6 18. Nd1 Kd7 19. Ne3 Ke7 20. Kd2 c5
21. c3 Rc8 22. Nxh7 Nxh7 23. Rxh7 Rxh7 24. Rxh7 Ba4 25. b3 Bb5 26. Ng4 a5 27.
Nh6 Rf8 28. a3 Bf1 29. Ke3 Bxg2 30. Kf4 cxd4 31. cxd4 g5+ 32. Kxg5 Be4 33. Rg7
Bc2 34. b4 axb4 35. axb4 Bg6 36. Ng8+ Kd8 37. Kf6 Ke8 38. f3 Kd8 39. f4 Bh5 40.
b5 Ke8 41. Rg1 Kd8 42. Ra1 Kc7 43. Ne7 Kb7 44. Nc6 Re8 45. Ra2 Bg6 46. Ne7 Bh5
47. Rh2 1-0

[Event "Moscú open 2006"]
[Site "Moscu RUS"]
[Date "2006.01.29"]
[Round "1.14"]
[White "Grachev, Boris"]
[Black "Biryukov, Mikhail"]
[Result "1-0"]
[WhiteElo "2512"]
[BlackElo "2121"]
[PlyCount "51"]
[EventDate "2006.01.29"]
[EventType "swiss"]
[EventRounds "9"]
[EventCountry "RUS"]
[Source "lmi"]
[SourceDate "2006.02.06"]

1. d4 d5 2. c4 e6 3. Nc3 Be7 4. Nf3 Nf6 5. Bg5 O-O 6. e3 h6 7. Bh4 b6 8. Qc2
Bb7 9. Rd1 Nbd7 10. cxd5 exd5 11. Bd3 Nh5 12. Bxe7 Qxe7 13. O-O Nhf6 14. Bf5 g6
15. Bh3 Rfd8 16. Rfe1 Kg7 17. b3 a6 18. Qb2 Kh7 19. Rc1 Qd6 20. Ne2 Re8 21. Nf4
Re7 22. Re2 Ne4 23. Bxd7 Qxd7 24. Ne5 Qf5 25. f3 Nd6 26. g4 1-0

[Event "Moscú open 2006"]
[Site "Moscu RUS"]
[Date "2006.01.29"]
[Round "1.15"]
[White "Zakharchenko, Arnold"]
[Black "Yandemirov, Valeri"]
[Result "0-1"]
[WhiteElo "2292"]
[BlackElo "2481"]
[PlyCount "56"]
[EventDate "2006.01.29"]
[EventType "swiss"]
[EventRounds "9"]
[EventCountry "RUS"]
[Source "lmi"]
[SourceDate "2006.02.06"]

1. c4 Nf6 2. Nc3 d5 3. cxd5 Nxd5 4. g3 g6 5. Bg2 Nxc3 6. bxc3 Bg7 7. Rb1 Nd7 8.
Nf3 O-O 9. O-O Nb6 10. Qc2 Bd7 11. d4 Rc8 12. c4 c5 13. d5 e6 14. e4 exd5 15.
cxd5 Ba4 16. Qd3 c4 17. Qd2 c3 18. Qd3 c2 19. Rb4 a5 20. Rd4 Qd7 21. e5 Bb5 22.
Qe4 Bxf1 23. Bxf1 Rc5 24. e6 fxe6 25. dxe6 Qc6 26. e7 Re8 27. Bh3 Qxe4 28. Rxe4
Bf6 0-1

[Event "Moscú open 2006"]
[Site "Moscu RUS"]
[Date "2006.01.29"]
[Round "1.18"]
[White "Gabrielian, Artur"]
[Black "Zolotukhin, Valery"]
[Result "1-0"]
[WhiteElo "2495"]
[BlackElo "2193"]
[PlyCount "39"]
[EventDate "2006.01.29"]
[EventType "swiss"]
[EventRounds "9"]
[EventCountry "RUS"]
[Source "lmi"]
[SourceDate "2006.02.06"]

1. e4 Nc6 2. Nf3 d5 3. exd5 Qxd5 4. Nc3 Qa5 5. Bb5 Bd7 6. O-O a6 7. Ba4 Nf6 8.
d4 O-O-O 9. Re1 Qh5 10. h3 g5 11. Nxg5 Qg6 12. d5 h6 13. Nf3 Bxh3 14. Nh4 Qg7
15. Qd3 Bxg2 16. Nxg2 Nb4 17. Qh3+ Kb8 18. Bb3 Nbxd5 19. Nxd5 Nxd5 20. Rd1 1-0

[Event "Moscú open 2006"]
[Site "Moscu RUS"]
[Date "2006.01.29"]
[Round "1.19"]
[White "Romanov, Evgeny"]
[Black "Ustinov, Alexandr"]
[Result "1-0"]
[WhiteElo "2333"]
[BlackElo "2199"]
[PlyCount "74"]
[EventDate "2006.01.29"]
[EventType "swiss"]
[EventRounds "9"]
[EventCountry "RUS"]
[Source "lmi"]
[SourceDate "2006.02.06"]

1. e4 e5 2. Nf3 Nf6 3. Nxe5 d6 4. Nf3 Nxe4 5. Nc3 Nxc3 6. dxc3 Be7 7. Bf4 Nc6
8. Qd2 Be6 9. O-O-O a6 10. Kb1 Qd7 11. Nd4 Nxd4 12. cxd4 d5 13. Bd3 O-O 14. h4
c6 15. h5 Bf5 16. Bxf5 Qxf5 17. g4 Qd7 18. g5 Bd6 19. Be5 Bxe5 20. dxe5 Rfe8
21. f4 Qf5 22. Qd4 Rad8 23. h6 c5 24. Qxc5 Qxf4 25. hxg7 Qxe5 26. a3 d4 27. Qb6
d3 28. cxd3 Qd4 29. Qb3 b5 30. Rxh7 Re6 31. Rh6 Rdd6 32. Rh3 Qxg7 33. Rdh1 Qd4
34. Qc2 Rd8 35. Qh2 Kf8 36. Rf3 Rde8 37. Rxf7+ Kxf7 1-0

[Event "Moscú open 2006"]
[Site "Moscu RUS"]
[Date "2006.01.29"]
[Round "1.20"]
[White "Gavrilov, Alexei"]
[Black "Mitlashevsky, Oleg"]
[Result "1-0"]
[WhiteElo "2471"]
[BlackElo "2262"]
[PlyCount "67"]
[EventDate "2006.01.29"]
[EventType "swiss"]
[EventRounds "9"]
[EventCountry "RUS"]
[Source "lmi"]
[SourceDate "2006.02.06"]

1. d4 Nf6 2. c4 e6 3. Nf3 d5 4. Nc3 Nbd7 5. cxd5 exd5 6. Bg5 Bb4 7. Qc2 O-O 8.
a3 Bxc3+ 9. Qxc3 h6 10. Bh4 g5 11. Bg3 c5 12. Nd2 Qb6 13. dxc5 Nxc5 14. Be5
Nfe4 15. Nxe4 Nxe4 16. Qd4 Qe6 17. Rd1 Re8 18. Bg3 f5 19. f3 f4 20. fxe4 dxe4
21. e3 Qf7 22. Bf2 Be6 23. b4 g4 24. exf4 e3 25. Bxe3 Bb3 26. Rd3 Bc2 27. Kf2
g3+ 28. Kf3 Re6 29. Rc3 Be4+ 30. Kxg3 Kh7 31. Kf2 Rg8 32. Rg1 Qe7 33. g3 Rd8
34. Qc5 1-0

[Event "Moscú open 2006"]
[Site "Moscu RUS"]
[Date "2006.01.29"]
[Round "1.23"]
[White "Sitnikov, Anton"]
[Black "Cherniak, Anton S"]
[Result "1/2-1/2"]
[WhiteElo "2411"]
[BlackElo "2260"]
[PlyCount "119"]
[EventDate "2006.01.29"]
[EventType "swiss"]
[EventRounds "9"]
[EventCountry "RUS"]
[Source "lmi"]
[SourceDate "2006.02.06"]

1. e4 d5 2. exd5 Nf6 3. Nf3 Qxd5 4. Be2 Bf5 5. O-O e6 6. d4 c6 7. Nbd2 Be7 8.
Nc4 Qd8 9. c3 O-O 10. Bf4 Nd5 11. Bg3 b5 12. Nce5 f6 13. Nd3 Nd7 14. Re1 Re8
15. Qd2 g5 16. h4 h6 17. Nh2 Qb6 18. Ng4 Bf8 19. f4 h5 20. Ngf2 g4 21. b4 Bh6
22. Bd1 e5 23. dxe5 fxe5 24. Bb3 Kh8 25. Bxd5 cxd5 26. Re3 d4 27. cxd4 Qxd4 28.
Qe1 Bg6 29. Nxe5 Nxe5 30. Rxe5 Bg7 31. Rd1 Bxe5 32. fxe5 Qb6 33. Kh2 Rad8 34.
Rxd8 Qxd8 35. Qe3 Qb6 36. Qh6+ Kg8 37. Qg5 Kf7 38. Nd1 Qe6 39. Nc3 a6 40. Ne2
Qf5 41. Qh6 Rxe5 42. Bxe5 Qxe5+ 43. Nf4 Bb1 44. a3 Ke7 45. Qg5+ Qxg5 46. hxg5
h4 47. Nd5+ Ke6 48. Ne3 Bf5 49. g3 h3 50. g6 Bxg6 51. Nxg4 Kd5 52. Kxh3 Kd4 53.
Nf6 Kc4 54. Kg4 Kb3 55. Nd5 Kxa3 56. Kf4 Bf7 57. Nc7 Kxb4 58. Nxa6+ Ka5 59. Nc5
Bc4 60. Ke5 1/2-1/2

[Event "Moscú open 2006"]
[Site "Moscu RUS"]
[Date "2006.01.30"]
[Round "2.1"]
[White "Aleksandrov, Aleksej"]
[Black "Ogloblin, Nikolay"]
[Result "1/2-1/2"]
[WhiteElo "2635"]
[BlackElo "2429"]
[PlyCount "64"]
[EventDate "2006.01.29"]
[EventType "swiss"]
[EventRounds "9"]
[EventCountry "RUS"]
[Source "lmi"]
[SourceDate "2006.02.06"]

1. d4 Nf6 2. c4 e6 3. Nc3 Bb4 4. e3 O-O 5. Bd3 d5 6. cxd5 exd5 7. Nge2 Re8 8.
O-O Bd6 9. f3 c5 10. Qe1 Nc6 11. Qf2 a6 12. a4 Be6 13. Kh1 Rc8 14. Bd2 Qd7 15.
g4 g6 16. Ng3 Qd8 17. Nce2 cxd4 18. exd4 Nb4 19. Bb1 Nd7 20. a5 b6 21. axb6
Qxb6 22. Bc3 Qb5 23. Qg2 Nb6 24. Rg1 Bd7 25. Nc1 Nc4 26. Nf5 Bf8 27. Qg3 Rc6
28. Nd3 Nxb2 29. Bxb4 Nxd3 30. Bxf8 Kxf8 31. Nd6 Nf2+ 32. Qxf2 Rxd6 1/2-1/2

[Event "Moscú open 2006"]
[Site "Moscu RUS"]
[Date "2006.01.30"]
[Round "2.2"]
[White "Riazantsev, Alexander"]
[Black "Slugin, Sergey"]
[Result "1/2-1/2"]
[WhiteElo "2596"]
[BlackElo "2342"]
[PlyCount "47"]
[EventDate "2006.01.29"]
[EventType "swiss"]
[EventRounds "9"]
[EventCountry "RUS"]
[Source "lmi"]
[SourceDate "2006.02.06"]

1. d4 e6 2. e4 d5 3. Nc3 Nf6 4. Bg5 dxe4 5. Nxe4 Be7 6. Bxf6 gxf6 7. Nf3 a6 8.
Bd3 f5 9. Ned2 Bf6 10. Qe2 Nc6 11. c3 Ne7 12. O-O-O b6 13. Rhe1 Bb7 14. Ne5 Ng6
15. g3 O-O 16. h4 Re8 17. h5 Nxe5 18. dxe5 Bg7 19. g4 Kh8 20. f4 Qh4 21. Rg1
Bh6 22. Kb1 Rg8 23. Nf3 Qh3 24. Ng5 1/2-1/2

[Event "Moscú open 2006"]
[Site "Moscu RUS"]
[Date "2006.01.30"]
[Round "2.4"]
[White "Sengupta, Deep"]
[Black "Khismatullin, Denis"]
[Result "0-1"]
[WhiteElo "2400"]
[BlackElo "2548"]
[PlyCount "124"]
[EventDate "2006.01.29"]
[EventType "swiss"]
[EventRounds "9"]
[EventCountry "RUS"]
[Source "lmi"]
[SourceDate "2006.02.06"]

1. e4 c5 2. Nf3 d6 3. d4 cxd4 4. Nxd4 Nf6 5. Nc3 a6 6. Bc4 e6 7. Bb3 Nbd7 8.
Bg5 Qa5 9. Qd2 Be7 10. O-O-O O-O 11. f3 Nc5 12. Kb1 Qc7 13. h4 b5 14. a3 Rb8
15. g4 Bd7 16. Nde2 a5 17. Bxf6 Bxf6 18. Qxd6 Rfc8 19. f4 Qb7 20. e5 Bd8 21. f5
a4 22. fxe6 fxe6 23. Rhf1 Bxh4 24. Qxd7 Nxd7 25. Bxe6+ Kh8 26. Rxd7 Rc7 27. Rd4
Re7 28. Rdf4 g6 29. Bd5 Qb6 30. e6 Qc5 31. Ba2 Ree8 32. Ne4 Qe5 33. N4c3 Be7
34. Re4 Qh2 35. Nf4 Rf8 36. Ncd5 Rbe8 37. Ree1 Qh4 38. Rh1 Qg5 39. Nd3 Bd6 40.
Nc3 Qxg4 41. Nxb5 Bg3 42. Reg1 h5 43. Nd6 Rxe6 44. Bxe6 Qxe6 45. Rxg3 Qxd6 46.
Re3 Kg7 47. Re4 Qc6 48. Re7+ Kh6 49. Rhe1 Rc8 50. R1e2 Rf8 51. Re1 Qg2 52. R7e2
Qh3 53. Nf2 Qg3 54. Ne4 Qf4 55. Nc3 Qg4 56. Ka2 h4 57. Ne4 Rf4 58. Nf2 Qf5 59.
Nd3 Qf7+ 60. b3 axb3+ 61. cxb3 Rf3 62. Rd2 Rxd3 0-1

[Event "Moscú open 2006"]
[Site "Moscu RUS"]
[Date "2006.01.30"]
[Round "2.5"]
[White "Filipenko, Alexander V"]
[Black "Potkin, Vladimir"]
[Result "1/2-1/2"]
[WhiteElo "2388"]
[BlackElo "2546"]
[PlyCount "36"]
[EventDate "2006.01.29"]
[EventType "swiss"]
[EventRounds "9"]
[EventCountry "RUS"]
[Source "lmi"]
[SourceDate "2006.02.06"]

1. d4 d5 2. c4 c6 3. Nf3 Nf6 4. Nc3 a6 5. cxd5 cxd5 6. Bf4 Nc6 7. e3 Bg4 8. h3
Bxf3 9. Qxf3 e6 10. Bd3 Bd6 11. Bg5 h6 12. Bh4 Be7 13. O-O O-O 14. Rfc1 Rc8 15.
Qd1 Nd7 16. Bg3 Nb6 17. Na4 Nxa4 18. Qxa4 Bd6 1/2-1/2

[Event "Moscú open 2006"]
[Site "Moscu RUS"]
[Date "2006.01.30"]
[Round "2.6"]
[White "Kremenietsky, Anatoly A"]
[Black "Zakhartsov, Vladimir"]
[Result "1/2-1/2"]
[WhiteElo "2399"]
[BlackElo "2529"]
[PlyCount "38"]
[EventDate "2006.01.29"]
[EventType "swiss"]
[EventRounds "9"]
[EventCountry "RUS"]
[Source "lmi"]
[SourceDate "2006.02.06"]

1. d4 Nf6 2. Nf3 g6 3. g3 Bg7 4. Bg2 O-O 5. O-O d6 6. Nc3 Nc6 7. h3 e5 8. dxe5
dxe5 9. Be3 Bd7 10. Qc1 Qc8 11. Kh2 Re8 12. Rd1 Na5 13. Bg5 Bc6 14. Bxf6 Bxf6
15. e4 Nc4 16. Nd5 Bxd5 17. Rxd5 Qe6 18. b3 Nb6 19. Rd1 Rad8 1/2-1/2

[Event "Moscú open 2006"]
[Site "Moscu RUS"]
[Date "2006.01.30"]
[Round "2.8"]
[White "Papin, Vasily"]
[Black "Maslak, Konstantin"]
[Result "0-1"]
[WhiteElo "2430"]
[BlackElo "2477"]
[PlyCount "116"]
[EventDate "2006.01.29"]
[EventType "swiss"]
[EventRounds "9"]
[EventCountry "RUS"]
[Source "lmi"]
[SourceDate "2006.02.06"]

1. e4 e6 2. d4 d5 3. Nd2 dxe4 4. Nxe4 Nd7 5. Bd3 Ngf6 6. Qe2 c5 7. Nxf6+ Nxf6
8. dxc5 Bxc5 9. Nf3 O-O 10. Bg5 h6 11. Bd2 Qb6 12. O-O Qxb2 13. Rfb1 Qa3 14.
Bb5 Bd6 15. Rb3 Qc5 16. Rd1 Qc7 17. Rd3 a6 18. Ba4 b5 19. Bb3 Bb7 20. Bxh6 Rad8
21. Bg5 Bxf3 22. Qxf3 Bxh2+ 23. Kh1 Rxd3 24. Qxd3 Be5 25. c4 Ng4 26. Qe2 bxc4
27. Qxg4 cxb3 28. axb3 Qc2 29. Qf3 f6 30. Bc1 Rc8 31. g3 Qc6 32. Qxc6 Rxc6 33.
Rd8+ Kf7 34. Be3 Bc3 35. Kg2 Bb4 36. Rb8 a5 37. Rb7+ Kg6 38. Rb5 Rc2 39. g4 Ra2
40. g5 Ra3 41. gxf6 gxf6 42. Bb6 Kf7 43. Bd8 f5 44. Rb7+ Ke8 45. Bb6 e5 46. Bc7
Bc3 47. Rb5 Kd7 48. Rc5 Bb4 49. Rc1 e4 50. Bb6 Rxb3 51. Rc7+ Ke6 52. Rc6+ Kd5
53. Rf6 Ke5 54. Rc6 a4 55. Bc7+ Kd5 56. Rf6 Rf3 57. Ra6 a3 58. Bb6 Kc4 0-1

[Event "Moscú open 2006"]
[Site "Moscu RUS"]
[Date "2006.01.30"]
[Round "2.10"]
[White "Lysyj, Igor"]
[Black "Mingachev, Mansur"]
[Result "1/2-1/2"]
[WhiteElo "2474"]
[BlackElo "2279"]
[PlyCount "41"]
[EventDate "2006.01.29"]
[EventType "swiss"]
[EventRounds "9"]
[EventCountry "RUS"]
[Source "lmi"]
[SourceDate "2006.02.06"]

1. d4 Nf6 2. c4 g6 3. Nc3 d5 4. cxd5 Nxd5 5. Bd2 Bg7 6. e4 Nxc3 7. Bxc3 O-O 8.
Qd2 Nd7 9. Nf3 Nb6 10. Qc2 Bg4 11. Ne5 Bxe5 12. dxe5 c5 13. f4 Be6 14. f5 Bc4
15. Bxc4 Nxc4 16. Qe2 Nb6 17. a4 Qd7 18. e6 Qc6 19. exf7+ Rxf7 20. O-O Raf8 21.
Qc2 1/2-1/2

[Event "Moscú open 2006"]
[Site "Moscu RUS"]
[Date "2006.01.30"]
[Round "2.11"]
[White "Iskusnyh, Sergei"]
[Black "Mongontuul, Bathuyag"]
[Result "1-0"]
[WhiteElo "2459"]
[BlackElo "2357"]
[PlyCount "72"]
[EventDate "2006.01.29"]
[EventType "swiss"]
[EventRounds "9"]
[EventCountry "RUS"]
[Source "lmi"]
[SourceDate "2006.02.06"]

1. d4 Nf6 2. c4 c5 3. d5 b5 4. cxb5 a6 5. b6 e6 6. Nc3 Nxd5 7. Nxd5 exd5 8.
Qxd5 Nc6 9. Nf3 Bb7 10. Ne5 Qe7 11. Bf4 Nd8 12. Qd1 Qe6 13. e3 f6 14. Nc4 d5
15. Na5 Qxb6 16. Qa4+ Kf7 17. Nxb7 Qxb7 18. O-O-O Ne6 19. Bc4 Rd8 20. Qxa6 Qxa6
21. Bxa6 Nxf4 22. exf4 Bd6 23. g3 Bc7 24. Rhe1 Rd6 25. Bb5 Rhd8 26. Kc2 Bb6 27.
Re2 Ba5 28. b3 Rb8 29. a4 Rbd8 30. Rd3 d4 31. Rd1 Kf8 32. Kd3 Bb4 33. Ra1 Rb8
34. Raa2 Rdd8 35. Re6 Kf7 36. Bc4 Re8 1-0

[Event "Moscú open 2006"]
[Site "Moscu RUS"]
[Date "2006.01.30"]
[Round "2.12"]
[White "Khruschiov, Alexey"]
[Black "Grachev, Boris"]
[Result "1-0"]
[WhiteElo "2444"]
[BlackElo "2512"]
[PlyCount "71"]
[EventDate "2006.01.29"]
[EventType "swiss"]
[EventRounds "9"]
[EventCountry "RUS"]
[Source "lmi"]
[SourceDate "2006.02.06"]

1. e4 c5 2. Nf3 d6 3. d4 cxd4 4. Nxd4 Nf6 5. Nc3 a6 6. Bg5 Nc6 7. f4 Ng4 8. f5
Nge5 9. Nd5 h6 10. Bh4 g6 11. c3 Bg7 12. Nxc6 Nxc6 13. Bc4 g5 14. Bf2 O-O 15.
h4 g4 16. Qxg4 Ne5 17. Qe2 e6 18. Nb6 Rb8 19. Bb3 exf5 20. Nxc8 Qxc8 21. exf5
Qxf5 22. O-O Rbe8 23. Bd4 Qg6 24. Rae1 Kh8 25. Qe4 Qxe4 26. Rxe4 f5 27. Ref4
Ng6 28. Bxg7+ Kxg7 29. Rd4 Rf6 30. g3 Re3 31. Kf2 Re7 32. Re1 Ne5 33. Kg2 Kf8
34. Bd1 Kf7 35. Kh3 Kg7 36. Re3 1-0

[Event "Moscú open 2006"]
[Site "Moscu RUS"]
[Date "2006.01.30"]
[Round "2.14"]
[White "Yandemirov, Valeri"]
[Black "Kotenko, Pavel"]
[Result "1-0"]
[WhiteElo "2481"]
[BlackElo "2340"]
[PlyCount "109"]
[EventDate "2006.01.29"]
[EventType "swiss"]
[EventRounds "9"]
[EventCountry "RUS"]
[Source "lmi"]
[SourceDate "2006.02.06"]

1. e4 e5 2. Nf3 Nc6 3. Bb5 a6 4. Bxc6 dxc6 5. Nc3 f6 6. d4 exd4 7. Nxd4 c5 8.
Nde2 Qxd1+ 9. Nxd1 Bd7 10. Bf4 O-O-O 11. Ne3 Bc6 12. f3 Ne7 13. Rd1 Rxd1+ 14.
Kxd1 g6 15. h4 h5 16. Kc1 Bg7 17. Rd1 Re8 18. Nc3 f5 19. Ncd5 Nxd5 20. exd5 Bb5
21. d6 cxd6 22. Rxd6 Be5 23. Bxe5 Rxe5 24. c4 Rxe3 25. cxb5 axb5 26. Kd2 Re7
27. Rxg6 Rd7+ 28. Kc3 Rd4 29. g3 Rc4+ 30. Kd2 Rd4+ 31. Kc2 Rc4+ 32. Kb1 Rd4 33.
Rg5 f4 34. Rxc5+ Kb8 35. gxf4 Rxf4 36. Rxh5 b4 37. Rg5 Rxf3 38. Rg4 b3 39. axb3
Rxb3 40. Kc2 Rh3 41. b4 Kc7 42. Rd4 Kc6 43. Kd2 Rf3 44. Ke2 Rf5 45. Ke3 b6 46.
Ke4 Rf1 47. Ke5 Rf2 48. Rf4 Rh2 49. Kf6 b5 50. Rd4 Rf2+ 51. Kg5 Rc2 52. h5 Rg2+
53. Rg4 Rh2 54. h6 Kd6 55. Kg6 1-0

[Event "Moscú open 2006"]
[Site "Moscu RUS"]
[Date "2006.01.30"]
[Round "2.16"]
[White "Gorbatow, Alexej"]
[Black "Chebotarev, Oleg"]
[Result "1/2-1/2"]
[WhiteElo "2424"]
[BlackElo "2469"]
[PlyCount "31"]
[EventDate "2006.01.29"]
[EventType "swiss"]
[EventRounds "9"]
[EventCountry "RUS"]
[Source "lmi"]
[SourceDate "2006.02.06"]

1. e4 c5 2. Nf3 e6 3. c4 Nc6 4. Nc3 Nf6 5. Be2 Qc7 6. O-O a6 7. a3 Ng4 8. g3
Nge5 9. Nxe5 Nxe5 10. d3 Nc6 11. Bf3 Be7 12. Be3 O-O 13. Bg2 Rb8 14. Rc1 d6 15.
Ne2 b5 16. cxb5 1/2-1/2

[Event "Moscú open 2006"]
[Site "Moscu RUS"]
[Date "2006.01.30"]
[Round "2.17"]
[White "Klimov, Anton"]
[Black "Tihonov, Jurij"]
[Result "0-1"]
[WhiteElo "2286"]
[BlackElo "2454"]
[PlyCount "82"]
[EventDate "2006.01.29"]
[EventType "swiss"]
[EventRounds "9"]
[EventCountry "RUS"]
[Source "lmi"]
[SourceDate "2006.02.06"]

1. e4 c5 2. Nc3 d6 3. f4 g6 4. Nf3 Bg7 5. Bc4 Nc6 6. O-O e6 7. d3 Nge7 8. Qe1
h6 9. Bb3 a6 10. a4 b6 11. Qg3 Ra7 12. Bd2 d5 13. f5 dxe4 14. dxe4 exf5 15.
Rad1 Rd7 16. Bf4 g5 17. Nd5 Nxd5 18. exd5 Nd4 19. Nxd4 Bxd4+ 20. Rxd4 cxd4 21.
Be5 f4 22. Qd3 O-O 23. Bxd4 Rxd5 24. Bxd5 Qxd5 25. Bxb6 Qc6 26. a5 Re8 27. Qd2
Bb7 28. Rf2 Qe4 29. h3 Qe6 30. Kh2 f3 31. g3 Bc8 32. Rxf3 Qxh3+ 33. Kg1 Bb7 34.
Re3 Qh1+ 35. Kf2 Qg2+ 36. Ke1 Qxg3+ 37. Qf2 Rxe3+ 38. Bxe3 Qxf2+ 39. Bxf2 f5
40. Kd2 f4 41. Kd3 h5 0-1

[Event "Moscú open 2006"]
[Site "Moscu RUS"]
[Date "2006.01.30"]
[Round "2.19"]
[White "Bogachkov, Igor"]
[Black "Romanov, Evgeny"]
[Result "1/2-1/2"]
[WhiteElo "2353"]
[BlackElo "2333"]
[PlyCount "95"]
[EventDate "2006.01.29"]
[EventType "swiss"]
[EventRounds "9"]
[EventCountry "RUS"]
[Source "lmi"]
[SourceDate "2006.02.06"]

1. e4 g6 2. d4 Bg7 3. c4 d6 4. Nc3 e5 5. Nf3 Nd7 6. Be2 c6 7. O-O Qe7 8. Re1
Nh6 9. Bf1 O-O 10. h3 f6 11. Rb1 Nf7 12. b4 f5 13. b5 f4 14. bxc6 bxc6 15. d5
c5 16. Nh2 h5 17. Re2 Nf6 18. Reb2 Nh6 19. Be2 a6 20. Nf3 Nf7 21. Bd2 Kh7 22.
Be1 g5 23. Nh2 Kg6 24. Na4 Ra7 25. Nb6 Bb7 26. Ba5 Rh8 27. Na4 Bc8 28. Nb6 Bb7
29. Na4 Bc8 30. Rb8 Bd7 31. Rxh8 Bxh8 32. Nb6 Rb7 33. Nxd7 Qxd7 34. Rxb7 Qxb7
35. Qb3 Qxb3 36. axb3 Nd7 37. Kf1 Bf6 38. Ke1 Bd8 39. Bc3 Bb6 40. Kd2 Nd8 41.
Nf3 Nb7 42. Kc2 Ba5 43. Bxa5 Nxa5 44. h4 g4 45. Ng5 Nf8 46. g3 fxg3 47. fxg3
Nb7 48. Kb2 1/2-1/2

[Event "Moscú open 2006"]
[Site "Moscu RUS"]
[Date "2006.01.30"]
[Round "2.20"]
[White "Krivoborodov, Egor"]
[Black "Gavrilov, Alexei"]
[Result "1/2-1/2"]
[WhiteElo "2326"]
[BlackElo "2471"]
[PlyCount "62"]
[EventDate "2006.01.29"]
[EventType "swiss"]
[EventRounds "9"]
[EventCountry "RUS"]
[Source "lmi"]
[SourceDate "2006.02.06"]

1. e4 e5 2. Nf3 Nc6 3. Bb5 a6 4. Ba4 Nf6 5. O-O Be7 6. Re1 b5 7. Bb3 d6 8. c3
O-O 9. d4 Bg4 10. Be3 exd4 11. cxd4 d5 12. e5 Ne4 13. h3 Bh5 14. Nc3 Nxc3 15.
bxc3 Qd7 16. Bc2 Bg6 17. Bg5 Bxc2 18. Qxc2 Nd8 19. Bxe7 Qxe7 20. Nh2 Ne6 21.
Rf1 b4 22. f4 bxc3 23. Qxc3 c5 24. dxc5 Nxc5 25. Nf3 Na4 26. Qd4 Rfd8 27. Kh2
Rac8 28. Rac1 Qe6 29. Nd2 Rxc1 30. Rxc1 Qf5 31. Qe3 Nb2 1/2-1/2